Instructor's Manual and Test Bank to Accompany: Global Business Today. (Record no. 5869)

MARC details
005 - DATE AND TIME OF LATEST TRANSACTION
control field 20250628081021.0
020 ## - INTERNATIONAL STANDARD BOOK NUMBER
International Standard Book Number 0-256-26039-7
082 ## - DEWEY DECIMAL CLASSIFICATION NUMBER
Classification number 658.049 HIL
100 ## - MAIN ENTRY--PERSONAL NAME
Author name HILL, C. W.
245 ## - TITLE STATEMENT
Title Instructor's Manual and Test Bank to Accompany: Global Business Today.
260 ## - PUBLICATION, DISTRIBUTION, ETC.
Place of publication, distribution, etc. New York,
Name of publisher, distributor, etc. McGraw Hill,
Date of publication, distribution, etc. 1998.
300 ## - PHYSICAL DESCRIPTION
Extent ix, 357p.:
Dimensions 28cm
942 ## - ADDED ENTRY ELEMENTS (KOHA)
Source of classification or shelving scheme Dewey Decimal Classification
Koha item type Books
Holdings
Date last seen Total checkouts Full call number Barcode Cost, replacement price Price effective from Koha item type Lost status Source of classification or shelving scheme Damaged status Not for loan Withdrawn status Home library Current library Shelving location Date acquired Cost, normal purchase price
06/28/2025   658.049 HIL DOM0002275 60000.00 06/28/2025 Books   Dewey Decimal Classification       CBE Dodoma CBE Dodoma General Collection 06/28/2025 20000.00